[Event "Criciuma op-A"]
[Site "Criciuma"]
[Date "2024.01.12"]
[Round "1"]
[White "Pereira, Marcelo Do Carmo"]
[Black "Bueno, Alfeu Varela Jr"]
[Result "0-1"]
[WhiteElo "1742"]
[BlackElo "2156"]
[PlyCount "66"]
[EventDate "2024.01.12"]
[EventType "swiss"]
[EventRounds "9"]
[EventCountry "BRA"]
[SourceTitle "CBM 218 Extra"]
[Source "ChessBase"]
[SourceDate "2024.03.31"]
[SourceVersion "1"]
[SourceVersionDate "2024.03.31"]
[SourceQuality "1"]

1. e4 e6 2. d4 d5 3. Nd2 Nf6 4. e5 Nfd7 5. Bd3 c5 6. c3 Nc6 7. Ne2 cxd4 8. cxd4 f6 9. exf6 Nxf6 10. 0-0 Bd6 11. Nf3 Qc7 12. Nc3 a6 13. Re1 0-0 14. a3 Bd7 15. Bc2 b5 16. Bg5 b4 17. axb4 Nxb4 18. Bb1 Ng4 19. h3 Bh2+ 20. Kf1 Nxf2 21. Kxf2 Qg3+ 22. Ke3 Qxg2 23. Qe2 Rxf3+ 24. Qxf3 Bg1+ 25. Rxg1 Qxg1+ 26. Ke2 Qxg5 27. Ra5 Qh4 28. Rc5 Qxd4 29. Rc7 Qe5+ 30. Ne4 Qxc7 31. Nf6+ gxf6 32. Qxf6 Qh2+ 33. Ke3 Qg1+ 0-1

[Event "Pelotas Gaucho op"]
[Site "Pelotas"]
[Date "2023.10.15"]
[Round "7"]
[White "Zhong, Lanxin"]
[Black "Pereira, Marcelo Do Carmo"]
[Result "1-0"]
[WhiteElo "1489"]
[BlackElo "1743"]
[PlyCount "57"]
[EventDate "2023.10.12"]
[EventType "swiss"]
[EventRounds "7"]
[EventCountry "BRA"]
[SourceTitle "CBM 216 Extra"]
[Source "ChessBase"]
[SourceDate "2023.11.30"]
[SourceVersion "1"]
[SourceVersionDate "2023.11.30"]
[SourceQuality "1"]

1. e4 e5 2. Nf3 Nf6 3. Nc3 Nc6 4. Bb5 d6 5. 0-0 a6 6. Be2 Bg4 7. h3 Bh5 8. d3 h6 9. Be3 Be7 10. d4 exd4 11. Nxd4 Bxe2 12. Qxe2 Nxd4 13. Bxd4 0-0 14. Rad1 c5 15. Bxc5 Qc7 16. Bd4 b5 17. a3 Rac8 18. Rd3 Qc4 19. b3 Qc6 20. Rg3 g6 21. Rc1 Kh7 22. Qf3 Ng8 23. Nd5 f5 24. exf5 Rxf5 25. Qxf5 gxf5 26. Rg7+ Kh8 27. Rxg8+ Kh7 28. Rg7+ Kh8 29. Rxe7+ 1-0

[Event "Porto Alegre op"]
[Site "Porto Alegre"]
[Date "2023.08.26"]
[Round "3"]
[White "Pereira, Marcelo Do Carmo"]
[Black "Bandeira, Mauricio Ritta"]
[Result "1-0"]
[WhiteElo "1721"]
[BlackElo "1800"]
[PlyCount "65"]
[EventDate "2023.08.25"]
[EventType "swiss"]
[EventRounds "5"]
[EventCountry "BRA"]
[SourceTitle "CBM 216 Extra"]
[Source "ChessBase"]
[SourceDate "2023.11.30"]
[SourceVersion "1"]
[SourceVersionDate "2023.11.30"]
[SourceQuality "1"]

1. e4 e6 2. d4 d5 3. Nd2 c5 4. exd5 exd5 5. Ngf3 Nf6 6. Bb5+ Bd7 7. Bxd7+ Qxd7 8. 0-0 cxd4 9. Nb3 Be7 10. Nfxd4 0-0 11. Qf3 Nc6 12. Nf5 Ne5 13. Nxe7+ Qxe7 14. Qe2 Ng6 15. Qxe7 Nxe7 16. Bg5 Rac8 17. c3 Ng6 18. Bxf6 gxf6 19. Rad1 Rfd8 20. Nd4 Ne5 21. Rfe1 Nc6 22. Nf5 Re8 23. Kf1 Rxe1+ 24. Rxe1 Rd8 25. Ne7+ Nxe7 26. Rxe7 d4 27. c4 d3 28. Ke1 d2+ 29. Kd1 Rd4 30. b3 Rg4 31. g3 Rg5 32. Rxb7 a5 33. Kxd2 1-0

[Event "Porto Alegre op"]
[Site "Porto Alegre"]
[Date "2023.08.26"]
[Round "2"]
[White "Pereira, Marcelo Do Carmo"]
[Black "Da Silva Borges, Rodrigo"]
[Result "0-1"]
[WhiteElo "1721"]
[BlackElo "2186"]
[PlyCount "74"]
[EventDate "2023.08.25"]
[EventType "swiss"]
[EventRounds "5"]
[EventCountry "BRA"]
[SourceTitle "CBM 216 Extra"]
[Source "ChessBase"]
[SourceDate "2023.11.30"]
[SourceVersion "1"]
[SourceVersionDate "2023.11.30"]
[SourceQuality "1"]

1. e4 e5 2. Nf3 Nc6 3. Bb5 a6 4. Ba4 Nf6 5. 0-0 Be7 6. d3 d6 7. c3 0-0 8. Bxc6 bxc6 9. h3 Nd7 10. Re1 Kh8 11. d4 Bf6 12. Nbd2 Re8 13. Nf1 Bb7 14. Qb3 Rb8 15. Qxf7 exd4 16. cxd4 c5 17. e5 dxe5 18. dxe5 Nxe5 19. Nxe5 Bxe5 20. Ng3 Rf8 21. Qe6 Re8 22. Qc4 Qf6 23. Ne4 Qg6 24. f3 Bd4+ 25. Be3 Rxe4 26. fxe4 Qxe4 27. Qe2 Bxe3+ 28. Kh1 Qg6 29. Qg4 Qxg4 30. hxg4 Bd4 31. Re7 h6 32. Rxc7 Bd5 33. Rd7 Bc4 34. Rc1 Bxa2 35. Ra7 Rxb2 36. Rxa6 Bd5 37. Rd6 Bxg2+ 0-1

[Event "Florianopolis op 9th"]
[Site "Florianopolis"]
[Date "2023.01.25"]
[Round "4"]
[White "De Oliveira, Aquiles Machado"]
[Black "Pereira, Marcelo Do Carmo"]
[Result "1/2-1/2"]
[WhiteElo "2013"]
[BlackElo "1733"]
[PlyCount "93"]
[EventDate "2023.01.23"]
[EventType "swiss"]
[EventRounds "10"]
[EventCountry "BRA"]
[SourceTitle "CBM 212 Extra"]
[Source "ChessBase"]
[SourceDate "2023.03.31"]
[SourceVersion "1"]
[SourceVersionDate "2023.03.31"]
[SourceQuality "1"]

1. e4 e5 2. Nf3 Nf6 3. Nc3 Nc6 4. g3 Bb4 5. Bg2 0-0 6. 0-0 d6 7. d3 Bg4 8. h3 Be6 9. Ng5 h6 10. Nxe6 fxe6 11. Ne2 Bc5 12. c3 a5 13. Kh2 Qe8 14. f4 a4 15. g4 exf4 16. Bxf4 e5 17. Bd2 Qg6 18. Ng3 Ne7 19. Nf5 Rfe8 20. Qf3 c6 21. Nxh6+ Kh7 22. Nf5 Nxf5 23. Qxf5 Rad8 24. Rae1 Qxf5 25. Rxf5 Rf8 26. Bg5 Kg6 27. Ref1 Rde8 28. Kg3 Nd7 29. h4 Rxf5 30. Rxf5 Rf8 31. Bf3 b5 32. h5+ Kh7 33. Be7 Re8 34. Bh4 Rf8 35. g5 g6 36. hxg6+ Kxg6 37. Rxf8 Nxf8 38. Bg4 Be3 39. Bf5+ Kh5 40. Bg4+ Kg6 41. Bf5+ Kh5 42. Bc8 Bc1 43. b3 axb3 44. axb3 Bd2 45. Bg4+ Kg6 46. c4 b4 47. Kf3 1/2-1/2

[Event "Concordia op 6th"]
[Site "Concordia"]
[Date "2022.10.13"]
[Round "4"]
[White "Pereira, Marcelo Do Carmo"]
[Black "Schena, Arthur"]
[Result "0-1"]
[WhiteElo "1584"]
[BlackElo "1918"]
[PlyCount "82"]
[EventDate "2022.10.12"]
[EventType "swiss"]
[EventRounds "9"]
[EventCountry "BRA"]
[SourceTitle "CBM 210 Extra"]
[Source "ChessBase"]
[SourceDate "2022.11.30"]
[SourceVersion "1"]
[SourceVersionDate "2022.11.30"]
[SourceQuality "1"]

1. e4 d6 2. d4 Nf6 3. Nc3 g6 4. Nf3 Bg7 5. Be2 0-0 6. Be3 Nbd7 7. Qd2 Ng4 8. Bg5 h6 9. Bh4 c5 10. h3 Ngf6 11. e5 cxd4 12. Qxd4 dxe5 13. Qb4 Qb6 14. Qxb6 axb6 15. Bb5 g5 16. Bg3 Nh5 17. Bh2 Nf4 18. Bxf4 exf4 19. Nd5 Bf6 20. Bxd7 Bxd7 21. Nxb6 Rad8 22. Nxd7 Rxd7 23. c3 e5 24. Nd2 Rfd8 25. Ne4 Be7 26. Ke2 f5 27. Nxg5 hxg5 28. Rhd1 Rxd1 29. Rxd1 Rxd1 30. Kxd1 Kf7 31. Kd2 Ke6 32. c4 e4 33. a3 Ke5 34. Kc3 g4 35. b4 gxh3 36. gxh3 f3 37. Kd2 Kd4 38. c5 f4 39. Ke1 Bh4 40. a4 Bxf2+ 41. Kf1 Bg3 0-1

[Event "Concordia op 6th"]
[Site "Concordia"]
[Date "2022.10.12"]
[Round "1"]
[White "De Lorenzi, Gilmar"]
[Black "Pereira, Marcelo Do Carmo"]
[Result "0-1"]
[WhiteElo "1706"]
[BlackElo "1584"]
[PlyCount "48"]
[EventDate "2022.10.12"]
[EventType "swiss"]
[EventRounds "9"]
[EventCountry "BRA"]
[SourceTitle "CBM 210 Extra"]
[Source "ChessBase"]
[SourceDate "2022.11.30"]
[SourceVersion "1"]
[SourceVersionDate "2022.11.30"]
[SourceQuality "1"]

1. e4 e5 2. Nf3 Nc6 3. d4 exd4 4. Bc4 Be7 5. Nxd4 Ne5 6. Bb3 Nf6 7. Nc3 d6 8. 0-0 0-0 9. Nf5 Bxf5 10. exf5 Qd7 11. Nd5 Nxd5 12. Bxd5 c6 13. Bf4 cxd5 14. Qxd5 Qxf5 15. Bxe5 Qxe5 16. Qxb7 Rfb8 17. f4 Qc5+ 18. Kh1 Rxb7 19. Rae1 Qxc2 20. Rc1 Qxb2 21. f5 Rab8 22. h3 Bg5 23. Rfd1 Qe2 24. Rxd6 Rb2 0-1

[Event "Concordia op 6th"]
[Site "Concordia"]
[Date "2022.10.12"]
[Round "2"]
[White "Pereira, Marcelo Do Carmo"]
[Black "Kazuhiro Shikasho, Erik"]
[Result "0-1"]
[WhiteElo "1584"]
[BlackElo "1895"]
[PlyCount "48"]
[EventDate "2022.10.12"]
[EventType "swiss"]
[EventRounds "9"]
[EventCountry "BRA"]
[SourceTitle "CBM 210 Extra"]
[Source "ChessBase"]
[SourceDate "2022.11.30"]
[SourceVersion "1"]
[SourceVersionDate "2022.11.30"]
[SourceQuality "1"]

1. e4 c5 2. Nf3 d6 3. d4 cxd4 4. Nxd4 Nf6 5. Nc3 a6 6. Bg5 e6 7. f4 Nbd7 8. Qf3 Qc7 9. 0-0-0 b5 10. a3 Be7 11. Nb3 Bb7 12. Bd3 Rc8 13. Kb1 Nb6 14. Qe2 0-0 15. Rhe1 h6 16. Bxf6 Bxf6 17. e5 Be7 18. Nd2 d5 19. Qh5 Bxa3 20. Nxb5 axb5 21. bxa3 Na4 22. Nf3 Qc3 23. Kc1 Nb2 24. Bg6 Nc4 0-1

[Event "Natal zt 2.4"]
[Site "Natal"]
[Date "2022.10.08"]
[Round "9"]
[White "Pereira, Marcelo Do Carmo"]
[Black "De Andrade, Dalson Holanda Cav"]
[Result "1/2-1/2"]
[WhiteElo "1584"]
[BlackElo "1900"]
[PlyCount "25"]
[EventDate "2022.10.03"]
[EventType "swiss"]
[EventRounds "9"]
[EventCountry "BRA"]
[SourceTitle "EXT 2024"]
[Source "ChessBase"]
[SourceDate "2023.10.10"]
[SourceVersion "1"]
[SourceVersionDate "2023.10.10"]
[SourceQuality "1"]

1. e4 c5 2. Nf3 d6 3. d4 cxd4 4. Nxd4 Nf6 5. Nc3 a6 6. Be2 e6 7. Be3 Be7 8. 0-0 Qc7 9. a3 0-0 10. Qd2 b5 11. Nb3 Bb7 12. Bf3 Rd8 13. Rad1 1/2-1/2

[Event "Natal zt 2.4"]
[Site "Natal"]
[Date "2022.10.07"]
[Round "8"]
[White "Silva, Kaua Marques"]
[Black "Pereira, Marcelo Do Carmo"]
[Result "1-0"]
[WhiteElo "2183"]
[BlackElo "1584"]
[PlyCount "155"]
[EventDate "2022.10.03"]
[EventType "swiss"]
[EventRounds "9"]
[EventCountry "BRA"]
[SourceTitle "EXT 2024"]
[Source "ChessBase"]
[SourceDate "2023.10.10"]
[SourceVersion "1"]
[SourceVersionDate "2023.10.10"]
[SourceQuality "1"]

1. e4 e5 2. Nf3 Nf6 3. Nxe5 d6 4. Nf3 Nxe4 5. d4 d5 6. Bd3 Be7 7. 0-0 0-0 8. c4 c6 9. Qc2 Nf6 10. Re1 dxc4 11. Bxc4 Nbd7 12. Nc3 Nb6 13. Bb3 a5 14. a3 Re8 15. Ng5 Rf8 16. Bf4 h6 17. Nf3 Nbd5 18. Bd2 Be6 19. Ne5 Bd6 20. Rac1 Qb8 21. Ba2 Nxc3 22. Bxe6 Nb5 23. Nxf7 Rxf7 24. Qg6 Qf8 25. d5 cxd5 26. Bxa5 Nd4 27. Bxf7+ Qxf7 28. Qxf7+ Kxf7 29. Bc7 Be7 30. Re3 Nc6 31. Rb3 Nd4 32. Re3 Nc6 33. Rd1 Rc8 34. Bg3 Rd8 35. Red3 d4 36. b4 Rd5 37. f3 Nh5 38. Bf2 Nf4 39. Rb3 Bf6 40. Kf1 Ke7 41. a4 d3 42. g3 Ne6 43. Rbxd3 Rxd3 44. Rxd3 Ncd4 45. f4 g6 46. Rc3 Kd7 47. Rc4 Nf3 48. Kg2 Nfd4 49. Be3 h5 50. Kf2 Nf5 51. b5 Nxe3 52. Kxe3 b6 53. Ke4 Nc5+ 54. Kd5 Be7 55. a5 Kc7 56. h3 Kb7 57. a6+ Kc7 58. Ke5 Kb8 59. f5 gxf5 60. Kxf5 Nd3 61. Rc3 Nb4 62. g4 hxg4 63. hxg4 Nd5 64. Rd3 Nb4 65. Rb3 Ka7 66. g5 Nxa6 67. bxa6 Kxa6 68. g6 Bf8 69. Ke4 Ka5 70. Kd3 b5 71. Kc2 b4 72. Rf3 Bg7 73. Kb3 Kb5 74. Rf4 Kc6 75. Kxb4 Kd6 76. Rf7 Bh6 77. g7 Bxg7 78. Rxg7 1-0

[Event "Natal zt 2.4"]
[Site "Natal"]
[Date "2022.10.06"]
[Round "6"]
[White "Nunes, Marcelo Basilio"]
[Black "Pereira, Marcelo Do Carmo"]
[Result "0-1"]
[WhiteElo "1939"]
[BlackElo "1584"]
[PlyCount "62"]
[EventDate "2022.10.03"]
[EventType "swiss"]
[EventRounds "9"]
[EventCountry "BRA"]
[SourceTitle "EXT 2024"]
[Source "ChessBase"]
[SourceDate "2023.10.10"]
[SourceVersion "1"]
[SourceVersionDate "2023.10.10"]
[SourceQuality "1"]

1. d4 d5 2. Nf3 Nf6 3. c4 e6 4. Nc3 Bb4 5. e3 0-0 6. Bd2 a6 7. c5 b6 8. a3 Bxc3 9. Bxc3 bxc5 10. dxc5 Ne4 11. Qc2 Nxc3 12. Qxc3 Nc6 13. Be2 Qe7 14. b4 e5 15. 0-0 e4 16. Nd4 Ne5 17. f4 exf3 18. Bxf3 c6 19. Rae1 Nxf3+ 20. Rxf3 Bd7 21. Ne2 Rfe8 22. Ref1 f6 23. Rg3 Kh8 24. Rf4 Qe5 25. Nd4 Re7 26. Qd3 g5 27. Rff3 h5 28. Qg6 h4 29. Rxf6 hxg3 30. Qh6+ Kg8 31. Rg6+ Rg7 0-1

[Event "Natal zt 2.4"]
[Site "Natal"]
[Date "2022.10.05"]
[Round "4"]
[White "Pereira, Marcelo Do Carmo"]
[Black "Macedo, Maximo Valerio"]
[Result "1-0"]
[WhiteElo "1584"]
[BlackElo "1879"]
[PlyCount "63"]
[EventDate "2022.10.03"]
[EventType "swiss"]
[EventRounds "9"]
[EventCountry "BRA"]
[SourceTitle "EXT 2024"]
[Source "ChessBase"]
[SourceDate "2023.10.10"]
[SourceVersion "1"]
[SourceVersionDate "2023.10.10"]
[SourceQuality "1"]

1. e4 e5 2. Nf3 Nc6 3. Bb5 a6 4. Ba4 Nf6 5. 0-0 b5 6. Bb3 Be7 7. d3 d6 8. a4 Bg4 9. c3 0-0 10. Re1 Na5 11. Bc2 c5 12. Nbd2 Qc7 13. h3 Be6 14. Nf1 Nc6 15. Ng3 Rfc8 16. Ng5 Bd7 17. Nf3 Nd8 18. Nh4 Ne6 19. Nhf5 Bf8 20. Qf3 Kh8 21. Bd2 Be8 22. axb5 axb5 23. Bb3 Nd8 24. Bg5 Ng8 25. Bd5 Rxa1 26. Rxa1 g6 27. Ne3 Bg7 28. Ng4 Ne6 29. Be3 Bc6 30. Bxc6 Qxc6 31. Qxf7 Rf8 32. Qxe6 1-0

[Event "Pan American-ch U1700"]
[Site "Timbo"]
[Date "2021.12.01"]
[Round "1"]
[White "Jardim, Tamiris Salvador"]
[Black "Pereira, Marcelo Do Carmo"]
[Result "0-1"]
[WhiteElo "1503"]
[BlackElo "1934"]
[PlyCount "104"]
[EventDate "2021.12.01"]
[EventType "swiss"]
[EventRounds "9"]
[EventCountry "BRA"]
[SourceTitle "CBM 205 Extra"]
[Source "ChessBase"]
[SourceDate "2022.01.31"]
[SourceVersion "1"]
[SourceVersionDate "2022.01.31"]
[SourceQuality "1"]

1. e4 c5 2. Nf3 d6 3. d4 cxd4 4. Nxd4 Nf6 5. Nc3 a6 6. h3 e6 7. Bc4 b5 8. Bb3 b4 9. Na4 Nxe4 10. Qe2 d5 11. Be3 Be7 12. Nf3 Nd7 13. 0-0 0-0 14. Rad1 Qc7 15. Qd3 Bb7 16. Rc1 a5 17. c4 bxc3 18. Nxc3 Ba6 19. Nb5 Qb7 20. a4 Rab8 21. Nfd4 Ndc5 22. Qc2 Rfc8 23. Qd1 Nxb3 24. Qxb3 Nd6 25. Rxc8+ Rxc8 26. Rc1 Rxc1+ 27. Bxc1 Bxb5 28. Nxb5 Nc4 29. Qd3 e5 30. b3 Nd6 31. Nxd6 Bxd6 32. Qb5 Qxb5 33. axb5 Bc5 34. Kf1 Kf8 35. Ke2 Ke8 36. f3 Kd7 37. Kd3 Kc7 38. Bb2 f6 39. Bc3 Kb6 40. Kc2 Kxb5 41. Kd3 a4 42. bxa4+ Kxa4 43. Ke2 Kb3 44. Ba5 Kc2 45. g3 f5 46. g4 g6 47. gxf5 gxf5 48. Bc7 e4 49. fxe4 fxe4 50. Bf4 d4 51. h4 d3+ 52. Ke1 e3 0-1

[Event "Pan American-ch U1700"]
[Site "Timbo"]
[Date "2021.12.01"]
[Round "2"]
[White "Pereira, Marcelo Do Carmo"]
[Black "Venter, Paulo Regis"]
[Result "1/2-1/2"]
[WhiteElo "1934"]
[BlackElo "1608"]
[PlyCount "90"]
[EventDate "2021.12.01"]
[EventType "swiss"]
[EventRounds "9"]
[EventCountry "BRA"]
[SourceTitle "CBM 205 Extra"]
[Source "ChessBase"]
[SourceDate "2022.01.31"]
[SourceVersion "1"]
[SourceVersionDate "2022.01.31"]
[SourceQuality "1"]

1. e4 e5 2. Nf3 Nc6 3. Bb5 a6 4. Ba4 Nf6 5. 0-0 Be7 6. d3 d6 7. c3 0-0 8. Re1 b5 9. Bc2 Bg4 10. Nbd2 Nb8 11. d4 c5 12. h3 Bxf3 13. Nxf3 Qc7 14. Bg5 Nbd7 15. a4 Rfb8 16. a5 c4 17. Qd2 Re8 18. Nh4 g6 19. Nf3 Nb8 20. dxe5 dxe5 21. b4 Rd8 22. Qe3 Nbd7 23. Rad1 Nf8 24. Bh4 Ne6 25. Bg3 Bd6 26. Rd2 Nh5 27. Bh4 Be7 28. Bxe7 Qxe7 29. Rxd8+ Rxd8 30. Nxe5 Rd6 31. Rd1 Rxd1+ 32. Bxd1 Qd6 33. Bxh5 Qxe5 34. Bg4 Nf4 35. Bc8 Qf6 36. e5 Qc6 37. Qxf4 Qxc8 38. Qf6 Qb7 39. h4 Qe4 40. h5 gxh5 41. Qg5+ Kf8 42. Qg3 Ke7 43. f4 Ke6 44. Qh3+ Ke7 45. Qh4+ Ke8 1/2-1/2